| 000 | 00552nam a2200229 a 4500 | ||
|---|---|---|---|
| 999 |
_c109 _d109 |
||
| 001 | 109 | ||
| 003 | BD-JhCC | ||
| 005 | 20170928162234.0 | ||
| 008 | 170928b | ||
| 035 | _a(BD-JhCC)109 | ||
| 040 |
_aBD-JhCC _dBD-JhCC |
||
| 041 | _aeng | ||
| 082 |
_a420 _bMIC 2010 |
||
| 100 | _aMccarthy, Michael | ||
| 245 |
_aEnglish Collocationing Use/ _cMichael Mccarthy |
||
| 260 |
_aNoida: _bGopsons papers Ltd, _c2010 |
||
| 300 |
_a190 p.: _binclude illustrations _c26 cm. |
||
| 650 | _aEnglish Literature | ||
| 651 | _aIndia | ||
| 942 |
_2ddc _cBK |
||